Loading...
| Mythology | 0 | 7 | 0 | 0 | 70 | 50 | 73.00 | 3 | 7 | 26.77 | 47.27 |
| Literature - British | 0 | 7 | 1 | 0 | 65 | 54 | 103.86 | 1 | 7 | 17.42 | 38.18 |
| History - Other | 0 | 6 | 0 | 1 | 60 | 50 | 96.17 | 3 | 5 | 12.73 | 36.36 |
| Literature - American | 0 | 6 | 1 | 0 | 55 | 82 | 109.00 | 0 | 5 | 13.01 | 32.73 |
| Science - Chemistry | 0 | 5 | 0 | 1 | 50 | 84 | 101.20 | 0 | 3 | 4.12 | 18.18 |
| Literature - European | 0 | 4 | 0 | 0 | 40 | 90 | 108.00 | 0 | 4 | 8.67 | 25.45 |
| Science - Other | 0 | 4 | 0 | 0 | 40 | 55 | 87.25 | 2 | 3 | 9.98 | 29.09 |
| Science - Biology | 0 | 4 | 0 | 1 | 40 | 79 | 96.00 | 1 | 4 | 4.84 | 14.55 |
| Literature - World | 0 | 4 | 1 | 0 | 35 | 77 | 101.75 | 0 | 4 | 9.49 | 27.27 |
| Social Science | 0 | 3 | 0 | 0 | 30 | 68 | 79.00 | 1 | 1 | 6.89 | 12.73 |
| Science - Physics | 0 | 3 | 1 | 2 | 25 | 65 | 102.67 | 1 | 2 | 3.86 | 14.55 |
| Religion | 0 | 3 | 1 | 1 | 25 | 81 | 106.67 | 1 | 3 | 4.05 | 18.18 |
| Fine Arts - Other | 0 | 2 | 0 | 0 | 20 | 102 | 105.00 | 0 | 2 | 3.05 | 12.73 |
| Fine Arts - Classical Music | 0 | 2 | 0 | 0 | 20 | 96 | 105.50 | 2 | 2 | 4.00 | 18.18 |
| Current Events | 0 | 2 | 1 | 1 | 15 | 33 | 69.00 | 0 | 1 | 28.91 | 26.67 |
| History - American | 0 | 2 | 1 | 1 | 15 | 60 | 91.00 | 2 | 2 | 4.99 | 18.18 |
| Popular Culture | 0 | 1 | 0 | 0 | 10 | 101 | 101.00 | 0 | 0 | 11.74 | 10.00 |
| Philosophy | 0 | 1 | 0 | 0 | 10 | 125 | 125.00 | 0 | 0 | 0.00 | 3.64 |
| History - European | 0 | 1 | 3 | 1 | -5 | 123 | 123.00 | 0 | 0 | 0.00 | 1.82 |